Statistics for Top 20 Most Famous Countries of the World in Dutch

Click here to take the quiz!

General Stats

  • This quiz has been taken 70 times
  • The average score is 14 of 20

Answer Stats

%Country (Land)% Correct
92Volksrepubliek China
85%
92Italië
82%
90Japan
81%
92België
79%
93Canada
79%
92Duitsland
79%
92Frankrijk
76%
91Spanje
76%
88Verenigde Staten
76%
91Mexico
74%
93Nederland
74%
92Rusland
72%
90Australië
69%
92Portugal
69%
89Brazilië
63%
89Finland
63%
89India
57%
89Zweden
57%
88Noorwegen
54%
88Ierland
49%

Score Distribution

Percentile by Number Answered

Percent of People with Each Score

Your Score History

You have not taken this quiz